| 000 | 00516nam a2200193 a 4500 | ||
|---|---|---|---|
| 005 | 20210219152954.0 | ||
| 008 | 991125n 000 0 u | ||
| 035 | _aUPN01000069969 | ||
| 100 | _aPetri, Pamela B | ||
| 222 | _aJOURNAL OF READING | ||
| 245 | _aCreative vocabulary instruction in the content area | ||
| 300 | _a481 | ||
| 362 | _a35, No. 6, 1992 | ||
| 505 | _aJunio 1992 | ||
| 653 | 0 | _aDESARROLLO DE VOCABULARIO | |
| 653 | 0 | _aMATERIALES MANIPULABLES | |
| 904 |
_aAC _b007780 |
||
| 905 | _aArticulo | ||
| 999 |
_c65184 _d65184 |
||